00774cam a22002057a 4500003000500000005001700005008004100022010001000063011001000073035001000083040000900093100003800102245014800140260004100288300002200329502008600351650004300437650003300480650005500513CHAP20220329142332.0000803d2000 mx r 00110 spa d a81936 a82908 a93413 cCHAP00aRojano Valdés, María Eugenia.10aProcesos organizativos en nueve grupos campesinos del municipio de Ozumba, Estado de México (1996-1999)c/por María Eugenia Rojano Valdés aChapingo, Méx. :bEl autor,c2000. a153 h. :bcuadros aTesis (M.C. Desarrollo Rural Regional) -- UACH. Dirección de Centros Regionales14aAgriculturaxSociedadesxMexico (Edo.)14aCampesinadoxMéxico (Edo.)14aDesarrollo de la comunidad ruralzMéxico (Edo.).